Todos os alunos do Ensino Médio formado em 2025 no Rainha da Paz - Statistics

Estatísticas Gerais
  • Esse quiz foi jogado 110 vezes
    107 desde o último reset
  • A pontuação média é 48 de 99
Estatísticas das Respostas
Alunos % Correto
Júlia Neder
88%
Marianna Sampaio
88%
Ana Júlia Sanchez
72%
Enzo Bezerra
72%
Isabel de Carvalho
72%
Ana Clara Calazans
68%
Arthur Min
68%
Carlos Tosta
68%
Tomás Vaz
68%
Vic Gerolamo
68%
Beatriz Neves
64%
Hiago Sodré
64%
Sofia Colaiacovo
64%
Theodoro Madio
64%
André Lazzarini
60%
Antonio Furquim
60%
Theo Curi
60%
Allegra Nocetti
56%
Ana Gabriela Pelzel
56%
Bárbara Adam
56%
Bell Zuppo
56%
Daniel Almeida
56%
Daniel Audi
56%
Ian Bichir
56%
Marcela Moraes
56%
Pedro Leal
56%
Ana Ximenez
52%
Arthur Macdonald
52%
Breno Nogueira
52%
Bruno Neder
52%
Emiliano Tancredi
52%
Fernanda Dasko
52%
Gabriel Furlan
52%
Gabriel Lanna
52%
Giovanna Gaddini
52%
Juliana Oriente
52%
Luiza Almeida
52%
Maria Eduarda Medeiros
52%
Nina Poiani
52%
Pedro De Nardi
52%
Pedro Souza
52%
Peter Muranyi
52%
Renata Lima
52%
Thiago Vianna
52%
Victor Vieira
52%
Cassio Abibi
48%
Giovanna Balducci
48%
Gustavo Pimenta
48%
Manuela Sampaio
48%
Maria Antônia Rodrigues
48%
Marina Kobayashi
48%
Martín Rochadel
48%
Matheus Bataglia
48%
Miguel Rizzati
48%
Sofia Coelho
48%
Uma Bonassi
48%
Clara Misiunas
44%
Clarice Panzeri
44%
Guilherme Miguel
44%
Gustavo Leoncio
44%
João Corrêa
44%
João Maia
44%
Laura Piccolo
44%
Manuela Consolo
44%
Maya Seo
44%
Nina Januckaitis
44%
Vinícius Mortati
44%
Arthur Florio
40%
Clara Mazeu
40%
Flora Tesser
40%
Gabriela Shimizu
40%
Gabriela Tito
40%
Guilherme Ueda
40%
Isabella Alves
40%
Jonatan Rosa
40%
Laís Focesi
40%
Luna Teixeira
40%
Nicolas Pessutti
40%
Nicole Silva
40%
Ricardo Filho
40%
Theo Jorge
40%
Laura Salge
36%
Mateus Scholz
36%
Rafael Haiek
36%
Guilherme Gonçalves
32%
Guilherme Mattos
32%
Isadora Vaz
32%
Lucas Bartolomei
32%
Maria Luisa Fernandes
32%
Matheus Machino
32%
Matheus Pinho
32%
Christopher Alisson
28%
Daniel Fernandes
28%
Gustavo Nunes
28%
Sofia Ekman
28%
Felipe Calixto
24%
Felipe Motta
24%
Lucas Carbonelli
24%
Maria "Madu" Eduarda
24%
Nenhum quiz correspondente encontrado
Distribuição das Pontuações
Porcentagem de Pessoas com Cada Pontuação
Percentil de Números Respondidos
Sua Pontuação Histórica
Você não jogou esse quiz desde o último reset